| 000 | 00508nam a2200145 4500 | ||
|---|---|---|---|
| 999 |
_c10903 _d10903 |
||
| 008 | 180926b ||||| |||| 00| 0 eng d | ||
| 022 | _a2094-8042 | ||
| 082 | _aDPer 370.105 M72 Jan-Dec 2011 v59-60 | ||
| 100 |
_931704 _aUreta, Remedios A. |
||
| 245 |
_aEffects of being overweight on self-esteem of the children/ _cRemedios A. Ureta. |
||
| 260 |
_aPhilippines: _bIn the Grade School, Inc., _cc2011. |
||
| 300 |
_av60 n5, page 205: _billustrations; _c27cm. |
||
| 650 | 0 |
_931705 _aObesity. |
|
| 942 |
_2ddc _cPER |
||